Thư giản thoải mái theo khoa học Phương pháp Jacobson
Gardado en:
| Autor Principal: | |
|---|---|
| Formato: | Libro |
| Publicado: |
Hà Nội
Phương Đông
2006
|
| Những chủ đề: | |
| Các nhãn: |
Engadir etiqueta
Sen Etiquetas, Sexa o primeiro en etiquetar este rexistro!
|
| Thư viện lưu trữ: | Trung tâm Học liệu Lê Vũ Hùng, Trường Đại học Đồng Tháp |
|---|
| LEADER | 00831pam a22003018a 4500 | ||
|---|---|---|---|
| 001 | 00035741 | ||
| 005 | 20171026081025.0 | ||
| 008 | 161228s2006 ||||||Viesd | ||
| 020 | |c 28000 | ||
| 041 | 0 | # | |a Vie |
| 082 | 1 | 4 | |a 613.7 |b TH550GI |
| 100 | 1 | # | |a Phạm, Côn Sơn |
| 245 | 0 | 0 | |a Thư giản thoải mái theo khoa học |c Phạm Côn Sơn |b Phương pháp Jacobson |
| 260 | # | # | |a Hà Nội |b Phương Đông |c 2006 |
| 300 | # | # | |a 361tr. |c 20 cm. |
| 653 | # | # | |a Luyện Tập |
| 653 | # | # | |a Phương pháp |
| 653 | # | # | |a Sức khỏe |
| 653 | # | # | |a Thư giản |
| 852 | # | # | |b Kho đọc |j KD.0019267 |
| 852 | # | # | |j KD.0019267 |
| 910 | 0 | # | |d 28/12/2016 |
| 980 | # | # | |a Trung tâm Học liệu Lê Vũ Hùng, Trường Đại học Đồng Tháp |